000 00735nam a2200289Ia 4500
005 20260324144756.0
008 008 260324s9999 xx 000 0 eng d
020 _a9780203818527
037 _aEBOOK
040 _aCRL
040 _beng
040 _cCRL
041 _2eng
041 _aeng
084 _qCRL
100 _aMark Casson
_91056249
245 0 _aMultinationals and World Trade (Routledge Revivals)
245 0 _bVertical Integration and the Division of Labour in World Industries
260 _bTaylor and Francis
260 _c1986
365 _a
365 _b290
856 _uhttp://www.taylorfrancis.com/books/9780203818527
942 _cEBOOK
999 _c1827602
_d1827602